000 00455pam a2200133a 44500
008 230405s xxu||||| |||| 00| 0 eng d
041 _aENG
100 _aCSIR
245 _aTHE WEALTH OF INDIA A DICTIONARY OF INDIAN RAW MATERIALS & INDUSTRIAL PRODUCTS .FIRST SUPPLEMENTS ( RAW MATERIALS ) VOL 1 , ACI
250 _a1 2004
260 _aNEW DELHI
_bNATIONAL INSTITUTE OF SCIENCE COMMUNICATION AND IN NEW DELHI
_c
650 _aPHARMACOGNOSY
906 _a1235
999 _c276506
_d276506